000 00856nam a2200241Ia 4500
003 GCL
008 140319s9999 xx 000 0 ara d
040 _aGCL /
_cGCL
082 0 4 _a338.2
_bم ث
100 1 _aمركز دراسات الوحدة العربية
245 1 0 _aالثروة المعدنية العربية امكانيات التنمية فى اطار وحدوى /
_cمركز دراسات الوحدة العربية
700 1 _aمحمد رضا محرم
260 _a[S.N] :
_bمركز دراسات الوحدة العربية ،
_c1984
300 _a152 ص
490 _a
650 0 4 _aالعالم العربى
650 0 4 _aالمعادن
650 0 4 _aالتنمية الاقتصادية
650 0 4 _aمنتجات الالبان
650 0 4 _aالتعدين
650 0 4 _aالثروة المعدنية
942 _2ddc
_cBK
999 _c35275
_d35275